The complete practical encyclopedia of bonsai: (Record no. 34803)

MARC details
000 -LEADER
fixed length control field 01358nam a22002777a 4500
005 - DATE AND TIME OF LATEST TRANSACTION
control field 20100320112457.0
008 - FIXED-LENGTH DATA ELEMENTS--GENERAL INFORMATION
fixed length control field 100320t xxu||||| |||| 00| 0 eng d
010 ## - LCCN (DPL NO)
LC control number B-379405
020 ## - INTERNATIONAL STANDARD BOOK NUMBER
International Standard Book Number 9781844778997
Terms of availability 695.00
035 ## - SYSTEM CONTROL NUMBER
System control number B-379405
035 ## - SYSTEM CONTROL NUMBER
System control number B-368655
037 ## - SOURCE OF ACQUISITION
Source of stock number/acquisition Pansy Books
040 ## - CATALOGING SOURCE
Original cataloging agency dpl
Language of cataloging English
082 ## - DEWEY DECIMAL CLASSIFICATION NUMBER
Classification number 635.9772
100 ## - MAIN ENTRY--PERSONAL NAME
Personal name Norman, Ken
245 ## - TITLE STATEMENT
Title The complete practical encyclopedia of bonsai:
Remainder of title the essential step-by-step guide to creating, growing and displaying bonsai with over 800 photographs /
Statement of responsibility, etc by Ken Norman
260 ## - PUBLICATION, DISTRIBUTION, ETC. (IMPRINT)
Place of publication, distribution, etc London
Name of publisher, distributor, etc Hermes House
Date of publication, distribution, etc 2007
270 ## - ADDRESS
Address 88-89, Blackfriars Road,
City London
300 ## - PHYSICAL DESCRIPTION
Extent 256p.:
Other physical details col. photos
Dimensions 26cm (pbk)
500 ## - GENERAL NOTE
General note Includes index
942 ## - ADDED ENTRY ELEMENTS (KOHA)
Source of classification or shelving scheme Dewey Decimal Classification
Item type English Books
Call number suffix NOR
Classification part 635.9772
Holdings
Withdrawn status Lost status Source of classification or shelving scheme Damaged status Not for loan Collection code Home library Current library Date acquired Source of acquisition Cost, normal purchase price Total Checkouts Full call number Barcode Date last seen Copy number Cost, replacement price Koha item type
    Dewey Decimal Classification   Not For Loan Non-fiction Central Library Central Library 22/03/2010 Pansy Books/986/24.2.10/177/23.2.10/24.2.10 695.00   NOR B-379405 22/03/2010 1 695.00 Reference Books
  Written-off vide DLB M. No. 383 dt 16.05.19 Dewey Decimal Classification     Non-fiction Patel Nagar Patel Nagar 07/05/2010 Pansy Books/973/27.1.10/3095/22.1.10/28.1.10 500.00   635.9772 NOR B-368655 07/05/2010 1 500.00 English Books

© Delhi Public Library
Hit Counter
free hit counter